Agastiyar Sangeetha varna mala/ (Record no. 64295)

000 -LEADER
fixed length control field 00346nam a22001457a 4500
082 ## - DEWEY DECIMAL CLASSIFICATION NUMBER
Classification number T 781.3
Item number RAM/A
100 ## - MAIN ENTRY--AUTHOR NAME
Personal name Remesh K
245 ## - TITLE STATEMENT
Title Agastiyar Sangeetha varna mala/
Statement of responsibility, etc by Remesh K
260 ## - PUBLICATION, DISTRIBUTION, ETC. (IMPRINT)
Place of publication Trichy:
Name of publisher Agasthiya Pathippakam,
Year of publication 2003.
300 ## - PHYSICAL DESCRIPTION
Number of Pages 168p.
650 ## - SUBJECT ADDED ENTRY--TOPICAL TERM
Topical Term Compositions Music
650 ## - SUBJECT ADDED ENTRY--TOPICAL TERM
Topical Term Music
650 ## - SUBJECT ADDED ENTRY--TOPICAL TERM
Topical Term Arts
942 ## - ADDED ENTRY ELEMENTS (KOHA)
Koha item type Book
Holdings
Withdrawn status Lost status Damaged status Not for loan Permanent Location Current Location Shelving location Date acquired Cost, normal purchase price Full call number Accession Number Price effective from Koha item type
        Sree Sankaracharya University of Sanskrit Sree Sankaracharya University of Sanskrit Stacks 09.02.2017 35.00 T 781.3 RAM/A 082739 09.02.2017 Book
        Sree Sankaracharya University of Sanskrit Sree Sankaracharya University of Sanskrit Stacks 09.02.2017 35.00 T 781.3 RAM/A 082737 09.02.2017 Book